000 00425nam a22001577a 4500
005 20250925151925.0
008 250925b |||||||| |||| 00| 0 eng d
020 _a9788123913940
050 _aSF95
_b.M67 MOR
100 _aMORRISON FRANK B.
245 _aFEEDS AND FEEDING;
_bA HANDBOOK FOR THE STUDENET AND STOCKMAN
250 _a22ND
260 _aNEW DELHI
_bCBS PUBLISHERS
_c1984
300 _a1202p
942 _2lcc
_cBK
_n0
999 _c7731
_d7731